Normal view
MARC view
Entry Corporate Name
001 - CONTROL NUMBER
- control field: 12024
003 - CONTROL NUMBER IDENTIFIER
- control field: ARRUPE
005 - DATE AND TIME OF LATEST TRANSACTION
- control field: 20141002173225.0
008 - FIXED-LENGTH DATA ELEMENTS
- fixed length control field: 141002|| aca||aabn | a|a d
040 ## - CATALOGING SOURCE
- Original cataloging agency: ARRUPE
- Transcribing agency: ARRUPE
110 ## - HEADING--CORPORATE NAME
- Corporate name or jurisdiction name as entry element: Jewish Theological Seminary of America.
- Subordinate unit: Institute for Religious and Social Studies.
670 ## - SOURCE DATA FOUND
- Source citation: Work cat.: (ARRUPE)0: Jewish Theological Seminary of America. Institute for Religious and Social Studies., Patterns of ethics in America today,, [1960]